00594nam a22001697a 450000500170000001000400001702000260005703500270008303700150011008200100012510000210013524501240015626000340028027000580031430000270037270000250039920230614101540.0 a1718EN-30 B-684410-426 ENG-137130 a9788130933689c350.00 aB-684410-426 EN-120662 bViva adpl a398.9 aManser,Martin H. aProverbs: cby Martin H. Manser; edited by Rosalind Fergusson bmeanings & origins of more than 1500 popular sayings /  c2015aNew Delhi bViva Books  a4737/23, Ansari Road, Darya Ganj, bNew Delhie110002 c21cm(pbk)aviii,439p.  aFergusson, Rosalind